000 01201nam a22002537a 4500
003 AM-YEHGA
040 _aAM-YeHGA
090 _c457602
005 20250618075333.0
008 190510b 2018ai ||||| |||| 00| 0 arm d
020 _a9789939686486
041 1 _aarm
_hlat
100 1 _aՎերգիլիուս, Պուբլիուս Մարո
_dմ.թ.ա. 70-19
245 1 0 _aԷնեական :
_b[Էպիկական պոեմ] /
_cՊուբլիուս Վերգիլիուս Մարո ; Լատ. թարգմ., առաջաբ.ու ծանոթագր` Արամ Թոփչյան և Գոհար Մուրադյան.
246 1 5 _aAeneis
260 _aԵրևան :
_bԶանգակ,
_c2018.
300 _a568+48 էջ ներդիր թ. :
_bնկար ;
_c22 սմ.
500 _aԾանոթագր., էջ՝ 419-564
504 _aԳրակ. ցանկ, էջ՝ 565-566
650 1 4 _aԱնտիկ գրականություն
_x Էպիկական պոեմ
_zՀռոմեական կայսրություն
700 1 _aԹոփչյան, Արամ
_eթարգմ.
_4trl
_eառաջաբ.
_4aui
_eծանոթագր.
_4cmm
_93359
700 1 _aՄուրադյան, Գոհար
_eթարգմ.
_4trl
_eառաջաբ.
_4aui
_eծանոթագր.
_4cmm
_98743
942 _2bbk
_cBK
999 _c454608
_d454608